00509 a2200145 4500001001000000005001700010008004100027245009800068100003100166700002100197700002200218700001800240773008800258999001700346ART_4602120260410161731.0260409a 10aGestión del conocimiento en una oficina de extensión agropecuaria del sudoeste bonaerense1 aFernández Nunes, Neubher1 aChavez, Etelvina1 aPalmiteste, Ariel1 aOria, Leandro0 tEscritos contables y de administracióng- Vol. 6, Nº 2 (jul./dic. 2015)wREV2758 c17835d17835